LEADER 01031nam0-22003251i-450- 001 990001325460403321 010 $a1-56881-007-5 035 $a000132546 035 $aFED01000132546 035 $a(Aleph)000132546FED01 035 $a000132546 100 $a20000920d1993----km-y0itay50------ba 101 0 $aeng 200 1 $aFundamentals of computer aided geometric design$fJosef Hoscek, Dieter Lasser$gtranslated by Larry L. Schumaker. 210 $aWellesley [MA]$cPeters$dc1993. 215 $axvii, 727 p.$cill.$d24 cm 300 $aTraduzione inglese da: Grundlagen der geometrischen Datenverarbeitung. Stutgart : Teubner, 1989. 610 0 $aComputer graphics 610 0 $aCagd 676 $a516.60285 700 1$aHoschek,$bJosef$029650 702 1$aLasser,$bDieter 801 0$aIT$bUNINA$gRICA$2UNIMARC 901 $aBK 912 $a990001325460403321 952 $a124-E-30$b11691$fMA1 959 $aMA1 996 $aFundamentals of computer aided geometric design$9382881 997 $aUNINA DB $aING01